000 00719nam a2200241 a 4500
001 49472
003 BD-RjUL
005 20211209054702.0
008 160821s1983 ii ||||| |||| 001 0 eng d
020 _c: Rs. 150.00
035 _a(BD-RjUL)49591
040 _aBD-RjUL
_beng
_cBD-RjUL
041 _aeng
082 _223
_a150
_bPAE 1983
100 1 _aParameswaran, E G
_9148451
245 1 0 _aExperimental psychology :
_ba laboratory manual /
_cE G Parameswaran and K. Ravichandra
260 _aDelhi :
_bSeema publications,
_c1983
300 _axi, 352 p. ;
_c21 cm.
650 _aPsychophysiology
_9148452
650 _aPsychology, Experimental.
_9124099
700 _aRavichandra, K.
_9148453
942 _2ddc
_cBK
999 _c49472
_d49472